Quartz vibrators and their applications (Record no. 1017)

MARC details
000 -LEADER
fixed length control field 00557nam a2200193Ia 4500
003 - CONTROL NUMBER IDENTIFIER
control field IN-BaIIA
008 - FIXED-LENGTH DATA ELEMENTS--GENERAL INFORMATION
fixed length control field 211028s9999 xx 000 0 eng d
040 ## - CATALOGING SOURCE
Transcribing agency IIA Library
080 ## - UNIVERSAL DECIMAL CLASSIFICATION NUMBER
Universal Decimal Classification number 622.362
Item number VIG
100 ## - MAIN ENTRY--PERSONAL NAME
Personal name Vigoureux, P
9 (RLIN) 1874
245 #0 - TITLE STATEMENT
Title Quartz vibrators and their applications
Statement of responsibility, etc. P. Vigoureux and C. F. Booth.
260 ## - PUBLICATION, DISTRIBUTION, ETC.
Place of publication, distribution, etc. London
Name of publisher, distributor, etc. Her Majesty's Stationary Office
Date of publication, distribution, etc. 1950
300 ## - PHYSICAL DESCRIPTION
Extent xii, 371p.
650 ## - SUBJECT ADDED ENTRY--TOPICAL TERM
Topical term or geographic name entry element Frequency control
9 (RLIN) 2197
650 ## - SUBJECT ADDED ENTRY--TOPICAL TERM
Topical term or geographic name entry element NASA thesaurus
650 ## - SUBJECT ADDED ENTRY--TOPICAL TERM
Topical term or geographic name entry element Quartz crystals
9 (RLIN) 2198
700 ## - ADDED ENTRY--PERSONAL NAME
Personal name Booth, C. F
9 (RLIN) 2199
942 ## - ADDED ENTRY ELEMENTS (KOHA)
Koha item type Books
Holdings
Withdrawn status Lost status Damaged status Not for loan Home library Current library Shelving location Date acquired Cost, normal purchase price Total Checkouts Full call number Barcode Date last seen Cost, replacement price Price effective from Koha item type Purchase Price
        IIA Library-Bangalore IIA Library-Kodaikanal General Stacks   21.00   622.362/ VIG 1061 05/11/2021 21.00   Books Rs. 21.00

Powered by Koha